BIBLIOTECA

SENCICO

Proceso de anteproyecto para el diseño interior / (Registro nro. 4500)

Detalles MARC
000 -LEADER
fixed length control field 01213nam a22002897a 4500
003 - CONTROL NUMBER IDENTIFIER
control field PE SENCICO BE
005 - DATE AND TIME OF LATEST TRANSACTION
control field 20251020182649.0
008 - FIXED-LENGTH DATA ELEMENTS--GENERAL INFORMATION
fixed length control field 240111b |||||||| |||| 00| 0 eng d
040 ## - CATALOGING SOURCE
Original cataloging agency PE SENCICO BE
Transcribing agency PE SENCICO BE
041 ## - LANGUAGE CODE
Language code of text/sound track or separate title spa
084 ## - OTHER CLASSIFICATION NUMBER
Classification number I
-- DIS
-- 2014
Item number O26
100 1# - MAIN ENTRY--PERSONAL NAME
9 (RLIN) 1872
Personal name Obregon Tineo, Elsa Milagros
Relator term autor
245 1# - TITLE STATEMENT
Title Proceso de anteproyecto para el diseño interior /
Statement of responsibility, etc. Obregón Tineo, Elsa Milagros
246 ## - VARYING FORM OF TITLE
Title proper/short title Proceso de anteproyecto para el desarrollo de restaurant
260 ## - PUBLICATION, DISTRIBUTION, ETC.
Place of publication, distribution, etc. Lima :
Date of publication, distribution, etc. 2014
300 ## - PHYSICAL DESCRIPTION
Extent 60 h. :
Other physical details il. col. ;
Dimensions 30 cm.
500 ## - GENERAL NOTE
General note Texto en dos volúmenes. El volumen 2 contiene planos (30 x 40 cm.).
502 ## - DISSERTATION NOTE
Dissertation note Monografía de Titulación.-- Servicio Nacional de Capacitación para la Industria de la Construcción. Escuela Superior Técnica. Carrera Profesional Técnica en Diseño de Interiores, 2014
650 10 - SUBJECT ADDED ENTRY--TOPICAL TERM
9 (RLIN) 44
Topical term or geographic name entry element Diseño de interiores
650 20 - SUBJECT ADDED ENTRY--TOPICAL TERM
9 (RLIN) 1800
Topical term or geographic name entry element Antropometría
650 20 - SUBJECT ADDED ENTRY--TOPICAL TERM
9 (RLIN) 63
Topical term or geographic name entry element Iluminación
650 20 - SUBJECT ADDED ENTRY--TOPICAL TERM
9 (RLIN) 25
Topical term or geographic name entry element Decoración de interiores
650 20 - SUBJECT ADDED ENTRY--TOPICAL TERM
9 (RLIN) 615
Topical term or geographic name entry element Planos
710 1# - ADDED ENTRY--CORPORATE NAME
Corporate name or jurisdiction name as entry element Servicio Nacional de Capacitación para la Industria de la Construcción.
Subordinate unit Escuela Superior Técnica
9 (RLIN) 1065
910 ## - USER-OPTION DATA (OCLC)
-- hfp
-- hfp
942 ## - ADDED ENTRY ELEMENTS (KOHA)
Koha item type Monografía de Titulación
Existencias
Fecha de la última vez que lo usaron Número de ingreso o de inventario Pago total Signatura topográfica completa Código de barras Precio efectivo desde Tipo de documento Estado perdido Estado dañado No es para préstamo Retirado Ubicación permanente Ubicación actual Fecha de adquisición
11/01/2024 I-00324   I/DIS/2014/O26/v. 1 BibLima24010038 11/01/2024 Monografía de Titulación         Biblioteca Central Lima Biblioteca Central Lima 11/01/2024
23/02/2024 I-00480   I/DIS/2015/O26/v. 2 BibLima24020403 23/02/2024 Monografía de Titulación         Biblioteca Central Lima Biblioteca Central Lima 23/02/2024